000 00897nas a2200289 4500
001 BR8002777
003 BR-BrBNA
005 20231205084314.0
007 ta
008 230509b bl.|||p| |||| 00| 00por d
040 _aBR-BrBNA
_bpor
_cBiblioteca Nacional de Agricultura
041 _a(Pt)
072 _aF25
100 1 _aBolsanello, J.
100 1 _aVieira, J.R.
245 1 _aCaracterizacao da composicao quimica dos diferentes tipos de vinhaca da Regiao de Campos - RJ [Residuo organico; Rio de Janeiro; Brasil]
650 _aFertilizante
650 _aResiduo organico
650 _aCana de acucar
650 _aVinhaca
650 _aComposicao quimica
650 _aCampos
650 _aRio de Janeiro
773 0 _tBrasil Acucareiro (Brazil)
_xISSN 0006-9167
_g(Nov 1980), v. 96(5) p. 45-59
_wBR8002777
909 _a202311
_bLúcia
_c55
_dLúcia Elande
942 _2AGRIS
_n0
_cANA
999 _c104398
_d104398